[Event "Monarch Assurance Isle of Man 14th"]
[Site "Port Erin IOM"]
[Date "2005.09.29"]
[Round "6.35"]
[White "Werner, Gert"]
[Black "Duhayon, Yves"]
[Result "0-1"]
[WhiteElo "2047"]
[BlackElo "2230"]
[PlyCount "76"]
[EventDate "2005.09.24"]
[EventType "swiss"]
[EventRounds "9"]
[EventCountry "IOM"]

1. Nf3 Nf6 2. g3 d5 3. Bg2 e6 4. O-O Be7 5. c4 O-O 6. b3 c5 7. cxd5 exd5 8. Bb2
Nc6 9. d3 d4 10. Nbd2 Nd5 11. Nc4 Bf6 12. Qd2 Bg4 13. h3 Be6 14. Rac1 Rc8 15.
e4 dxe3 16. fxe3 Bxb2 17. Nxb2 b6 18. Kh2 h6 19. d4 cxd4 20. Nxd4 Nxe3 21. Qxe3
Qxd4 22. Qxd4 Nxd4 23. Nd3 Rc2 24. Rxc2 Nxc2 25. Rf2 Ne3 26. Bb7 g5 27. Re2 Nf5
28. Ba6 Rd8 29. Nb4 Rd1 30. g4 Nd4 31. Rf2 Kg7 32. Kg3 f5 33. gxf5 Bxf5 34. h4
Be4 35. hxg5 hxg5 36. Kh3 Rh1+ 37. Kg3 Nf5+ 38. Kg4 Kg6 0-1

[Event "Monarch Assurance Isle of Man 14th"]
[Site "Port Erin IOM"]
[Date "2005.09.29"]
[Round "6.36"]
[White "Spence, David J"]
[Black "Fairbairn, Stephen"]
[Result "1-0"]
[WhiteElo "2218"]
[BlackElo "2065"]
[PlyCount "39"]
[EventDate "2005.09.24"]
[EventType "swiss"]
[EventRounds "9"]
[EventCountry "IOM"]

1. e4 g6 2. d4 d6 3. Nc3 Bg7 4. Bg5 a6 5. Bc4 b5 6. Bb3 Nf6 7. Nf3 O-O 8. e5
dxe5 9. dxe5 Ng4 10. Qe2 c6 11. h3 Nh6 12. Rd1 Qc7 13. Qd2 Nf5 14. g4 h6 15.
Bf4 g5 16. gxf5 gxf4 17. Qxf4 Nd7 18. Rg1 Kh8 19. Ke2 Nf6 20. Rxg7 1-0

[Event "Monarch Assurance Isle of Man 14th"]
[Site "Port Erin IOM"]
[Date "2005.09.29"]
[Round "6.37"]
[White "Bennion, David A"]
[Black "Smith, Andrew P"]
[Result "0-1"]
[WhiteElo "2074"]
[BlackElo "2204"]
[PlyCount "96"]
[EventDate "2005.09.24"]
[EventType "swiss"]
[EventRounds "9"]
[EventCountry "IOM"]

1. b3 d5 2. Bb2 Bg4 3. Nf3 Bxf3 4. gxf3 e6 5. Rg1 Nf6 6. Nc3 Nbd7 7. e3 g6 8.
Qe2 Bg7 9. O-O-O O-O 10. Kb1 c6 11. d4 b5 12. e4 a5 13. e5 Nh5 14. Bc1 Re8 15.
Bh3 Bf8 16. Bg5 Qc7 17. f4 Ng7 18. Bf6 a4 19. f5 exf5 20. Qf3 Qa5 21. Bxg7 Bxg7
22. Bxf5 Nf8 23. Qg3 Ne6 24. Bxe6 Rxe6 25. f4 f5 26. exf6 Rxf6 27. Rde1 Qc7 28.
Qh3 Qxf4 29. Ne2 Qf5 30. Qh4 axb3 31. axb3 Qd7 32. Kb2 Qe7 33. Nf4 Qa3+ 34. Kc3
Qa5+ 35. Kd3 Raf8 36. Rgf1 Rxf4 37. Rxf4 Rxf4 38. Re8+ Rf8 39. Qe7 h6 40. Qe6+
Kh7 41. Rxf8 Bxf8 42. Qxc6 b4 43. Qc8 Bg7 44. Qc5 Qxc5 45. dxc5 Be5 46. h3 g5
47. c6 h5 48. c3 bxc3 0-1

[Event "Monarch Assurance Isle of Man 14th"]
[Site "Port Erin IOM"]
[Date "2005.09.29"]
[Round "6.38"]
[White "Vitoux, Colomban"]
[Black "Nicholson, John"]
[Result "1-0"]
[WhiteElo "2264"]
[BlackElo "2000"]
[PlyCount "29"]
[EventDate "2005.09.24"]
[EventType "swiss"]
[EventRounds "9"]
[EventCountry "IOM"]

1. e4 e6 2. d4 d5 3. Nc3 Bb4 4. a3 Bxc3+ 5. bxc3 dxe4 6. f3 exf3 7. Nxf3 Nf6 8.
Bd3 h6 9. O-O b6 10. Qe1 Nbd7 11. Qg3 g5 12. Ne5 Bb7 13. Bb5 a6 14. Bxd7+ Nxd7
15. Nxf7 1-0

[Event "Monarch Assurance Isle of Man 14th"]
[Site "Port Erin IOM"]
[Date "2005.09.29"]
[Round "6.39"]
[White "De Lagontrie, Jean"]
[Black "Dunn, Andrew"]
[Result "1/2-1/2"]
[WhiteElo "1988"]
[BlackElo "2197"]
[PlyCount "50"]
[EventDate "2005.09.24"]
[EventType "swiss"]
[EventRounds "9"]
[EventCountry "IOM"]

1. d4 d5 2. c4 c6 3. Nf3 Nf6 4. Nc3 a6 5. a4 e6 6. Bg5 a5 7. e3 Be7 8. Rc1 Na6
9. Be2 Nb4 10. O-O O-O 11. Qb3 h6 12. Bh4 b6 13. Rfd1 Ba6 14. Ne5 Nd7 15. Bxe7
Qxe7 16. Nxd7 Qxd7 17. cxd5 Bxe2 18. Nxe2 cxd5 19. Nc3 Rac8 20. Nb5 Rc6 21. Rc3
Rfc8 22. Rdc1 Nd3 23. R1c2 Nb4 24. Rc1 Nd3 25. R1c2 Nb4 1/2-1/2

[Event "Monarch Assurance Isle of Man 14th"]
[Site "Port Erin IOM"]
[Date "2005.09.29"]
[Round "6.40"]
[White "Lohou, Stephane"]
[Black "Martin, Katie"]
[Result "1-0"]
[WhiteElo "2144"]
[BlackElo "1953"]
[PlyCount "49"]
[EventDate "2005.09.24"]
[EventType "swiss"]
[EventRounds "9"]
[EventCountry "IOM"]

1. e4 e5 2. f4 exf4 3. Bc4 Be7 4. d4 Bh4+ 5. Kf1 d5 6. Bxd5 Nf6 7. Nc3 Nxd5 8.
Nxd5 O-O 9. Nxf4 Re8 10. g3 Bf6 11. c3 Rxe4 12. Qf3 Qe8 13. Bd2 Bd7 14. Ngh3
Bb5+ 15. Kf2 Na6 16. Rhe1 Rxe1 17. Rxe1 Qc6 18. Nd5 Re8 19. Rxe8+ Qxe8 20.
Nxf6+ gxf6 21. Bh6 Qe6 22. Qh5 c6 23. Nf4 Qd7 24. b3 c5 25. a4 1-0

[Event "Monarch Assurance Isle of Man 14th"]
[Site "Port Erin IOM"]
[Date "2005.09.29"]
[Round "6.41"]
[White "Fraser-Mitchell, Jeremy"]
[Black "Fox, Pierre"]
[Result "1-0"]
[WhiteElo "2098"]
[BlackElo "1815"]
[PlyCount "71"]
[EventDate "2005.09.24"]
[EventType "swiss"]
[EventRounds "9"]
[EventCountry "IOM"]

1. d4 d5 2. c4 e6 3. Nc3 Be7 4. Bf4 Nf6 5. e3 O-O 6. Nf3 c5 7. dxc5 Bxc5 8.
cxd5 exd5 9. Bd3 Bg4 10. O-O Re8 11. Bg5 h6 12. Bxf6 Qxf6 13. Nxd5 Qd6 14. Be2
Nc6 15. Nc3 Qg6 16. Qd5 Bb6 17. Nh4 Qe6 18. Qxe6 Bxe6 19. Nf3 a6 20. a3 Bb3 21.
Nd2 Na5 22. Nxb3 Nxb3 23. Rad1 Rac8 24. Bf3 Nc5 25. b4 Ne6 26. Na4 Bd8 27. Bxb7
Rc2 28. Bxa6 Bf6 29. Bb7 Re7 30. Bd5 Rd7 31. Bb3 Rcd2 32. Rxd2 Rxd2 33. Rd1 Re2
34. Kf1 Rb2 35. Nxb2 Bxb2 36. a4 1-0

[Event "Monarch Assurance Isle of Man 14th"]
[Site "Port Erin IOM"]
[Date "2005.09.29"]
[Round "6.42"]
[White "Wademark, Helge"]
[Black "Heyl, Thomas"]
[Result "1/2-1/2"]
[WhiteElo "2182"]
[BlackElo "2101"]
[PlyCount "94"]
[EventDate "2005.09.24"]
[EventType "swiss"]
[EventRounds "9"]
[EventCountry "IOM"]

1. e4 c5 2. Nc3 e6 3. g3 Nc6 4. Bg2 a6 5. d3 Qc7 6. f4 d6 7. Nf3 b5 8. O-O Bb7
9. f5 e5 10. Nd5 Qd8 11. c3 Nf6 12. Nxf6+ gxf6 13. Be3 Qc7 14. d4 Be7 15. Rf2
Na5 16. Nd2 cxd4 17. cxd4 Rc8 {(=)} 18. Nf1 Nc4 19. b3 Nxe3 20. Nxe3 Qc3 21.
Nc2 Bd8 22. Kh1 Bb6 23. Rd2 O-O 24. Qg4+ Kh8 25. Rad1 Rfd8 26. Qh5 Kg7 27. dxe5
Qxe5 28. Ne1 Rc3 29. Nd3 Qe7 30. Re2 Rdc8 31. Nf4 Rc2 32. Qg4+ Kh8 33. Rxc2
Rxc2 34. Nh5 Qf8 35. Nxf6 Qg7 36. Qxg7+ Kxg7 37. Ne8+ Kf8 38. Nxd6 Bc6 39. f6
Bd8 40. Nxb5 Bxf6 41. Nc7 Rxa2 42. Nd5 Be7 43. Rc1 Bd7 44. Nxe7 Kxe7 45. h3 Rb2
46. Rc3 Be6 47. Bf1 Rb1 1/2-1/2

[Event "Monarch Assurance Isle of Man 14th"]
[Site "Port Erin IOM"]
[Date "2005.09.29"]
[Round "6.43"]
[White "Hutchinson, Norman A"]
[Black "Walther, Cliff"]
[Result "1-0"]
[WhiteElo "2097"]
[BlackElo "2175"]
[PlyCount "79"]
[EventDate "2005.09.24"]
[EventType "swiss"]
[EventRounds "9"]
[EventCountry "IOM"]

1. e4 c5 2. c3 Nf6 3. e5 Nd5 4. Nf3 Nc6 5. d4 cxd4 6. cxd4 e6 7. Bc4 Nb6 8. Bb5
d5 9. Nc3 Bd7 10. O-O Na5 11. Bd3 h6 12. Ne1 g6 13. Qg4 Qe7 14. b3 a6 15. Nc2
Rc8 16. Bd2 Nc6 17. Rfe1 h5 18. Qg3 Bh6 19. f4 Qf8 20. Ne2 Qg7 21. Rac1 O-O 22.
Kh1 Rfe8 23. Qf2 Qh7 24. Rg1 Ne7 25. g4 hxg4 26. Rxg4 Bb5 27. Bxb5 axb5 28. Rh4
Rxc2 29. Rxc2 g5 30. fxg5 Qxc2 31. gxh6 Nf5 32. h7+ Kh8 33. Bg5 Nd7 34. Rh3 Rc8
35. Bf6+ Nxf6 36. exf6 Nxd4 37. Qg2 Nf5 38. Rc3 Qd1+ 39. Ng1 Rf8 40. Rf3 1-0

[Event "Monarch Assurance Isle of Man 14th"]
[Site "Port Erin IOM"]
[Date "2005.09.29"]
[Round "6.44"]
[White "Ruston, Mark"]
[Black "Young, Mel"]
[Result "1-0"]
[WhiteElo "2116"]
[BlackElo "1971"]
[PlyCount "55"]
[EventDate "2005.09.24"]
[EventType "swiss"]
[EventRounds "9"]
[EventCountry "IOM"]

1. e4 c5 2. Nc3 d6 3. g3 g6 4. Bg2 Bg7 5. d3 Nf6 6. f4 Nc6 7. Nf3 Bg4 8. h3
Bxf3 9. Qxf3 Nd4 10. Qf2 e5 11. f5 Nh5 12. O-O gxf5 13. exf5 Bf6 14. Bxb7 Rb8
15. Bf3 Nxg3 16. Qxg3 Kd7 17. Kh1 Rg8 18. Qh2 Bh4 19. Ne4 Qc7 20. c4 Qa5 21.
Bd2 Qd8 22. Bc3 Qf8 23. f6 h5 24. Bxh5 Qh6 25. Bxf7 Rh8 26. Bd5 Qe3 27. Bxd4
cxd4 28. Qg2 1-0

[Event "Monarch Assurance Isle of Man 14th"]
[Site "Port Erin IOM"]
[Date "2005.09.29"]
[Round "6.45"]
[White "Henderikse, Bert"]
[Black "Marks, Ian A"]
[Result "1-0"]
[WhiteElo "2028"]
[BlackElo "1889"]
[PlyCount "55"]
[EventDate "2005.09.24"]
[EventType "swiss"]
[EventRounds "9"]
[EventCountry "IOM"]

1. Nf3 d6 2. c4 g6 3. Nc3 Bg7 4. d4 Nf6 5. e4 O-O 6. Be2 c5 7. O-O cxd4 8. Nxd4
Nc6 9. Be3 Bd7 10. Rc1 Rc8 11. f3 a6 12. Qd2 Nxd4 13. Bxd4 Bc6 14. Rfd1 Nd7 15.
Bxg7 Kxg7 {(=)} 16. Qd4+ Kg8 17. b4 Nf6 18. Qe3 Qe8 19. f4 Bd7 20. h3 Be6 21.
e5 dxe5 22. fxe5 Nd7 23. c5 a5 24. a3 axb4 25. axb4 b6 26. cxb6 Rb8 27. Bb5 Qd8
28. Na4 1-0

[Event "Monarch Assurance Isle of Man 14th"]
[Site "Port Erin IOM"]
[Date "2005.09.29"]
[Round "6.46"]
[White "Fox, Anthony"]
[Black "McKenzie, Mark"]
[Result "1-0"]
[WhiteElo "2118"]
[BlackElo "1249"]
[PlyCount "61"]
[EventDate "2005.09.24"]
[EventType "swiss"]
[EventRounds "9"]
[EventCountry "IOM"]

1. e4 e5 2. Nf3 Nc6 3. Bb5 d6 4. d4 Bd7 5. Nc3 Nf6 6. O-O Be7 7. Re1 O-O 8.
Bxc6 bxc6 9. dxe5 Ng4 10. exd6 cxd6 11. h3 Nf6 12. Bf4 Ne8 13. Qd2 Qc7 14. Rad1
Rb8 15. e5 d5 16. e6 Bd6 17. Bxd6 Nxd6 18. exd7 Qxd7 19. b3 Rfe8 20. Rxe8+ Rxe8
21. Re1 Ra8 22. Qd3 Nb5 23. Nxb5 cxb5 24. Rd1 Rd8 25. c4 bxc4 26. bxc4 Qa4 27.
Qb3 Qxb3 28. axb3 Kf8 29. Rxd5 Rb8 30. Nd4 Ke7 31. Nc6+ 1-0

[Event "Monarch Assurance Isle of Man 14th"]
[Site "Port Erin IOM"]
[Date "2005.09.30"]
[Round "7.1"]
[White "Shabalov, Alexander"]
[Black "Areshchenko, Alexander"]
[Result "1/2-1/2"]
[WhiteElo "2593"]
[BlackElo "2625"]
[PlyCount "78"]
[EventDate "2005.09.24"]
[EventType "swiss"]
[EventRounds "9"]
[EventCountry "IOM"]

1. d4 Nf6 2. c4 g6 3. Nc3 d5 4. cxd5 Nxd5 5. e4 Nxc3 6. bxc3 Bg7 7. Nf3 c5 8.
Rb1 O-O 9. Be2 Nc6 10. d5 Ne5 11. Nxe5 Bxe5 12. Qd2 e6 13. f4 Bc7 14. O-O exd5
15. exd5 Ba5 16. f5 Bxf5 17. Rxb7 Qf6 18. g4 Bxc3 19. Bb2 Bxb2 20. Rxb2 c4 21.
Bxc4 Qh4 22. Rf4 Bxg4 23. Qd4 h5 24. d6 Rac8 25. Qe5 Qd8 26. Rb7 Bf5 27. Qe7
Rxc4 28. Rxc4 Qa5 29. d7 Qd2 30. d8=Q Qxd8 31. Qxd8 Rxd8 32. Rxa7 Rd1+ 33. Kf2
Rd2+ 34. Kg3 Be6 35. Rca4 Kg7 36. h4 Rd3+ 37. Kf2 Rd2+ 38. Kf3 Rd3+ 39. Kg2
Rd2+ 1/2-1/2

[Event "Monarch Assurance Isle of Man 14th"]
[Site "Port Erin IOM"]
[Date "2005.09.30"]
[Round "7.2"]
[White "Kobalia, Mikhail"]
[Black "Korneev, Oleg"]
[Result "1-0"]
[WhiteElo "2614"]
[BlackElo "2594"]
[PlyCount "127"]
[EventDate "2005.09.24"]
[EventType "swiss"]
[EventRounds "9"]
[EventCountry "IOM"]

1. e4 c5 2. Nf3 e6 3. d4 cxd4 4. Nxd4 Nc6 5. Nc3 d6 6. Be3 Nf6 7. Qe2 Be7 8.
O-O-O O-O 9. Rg1 e5 10. Nf3 a6 11. h3 b5 12. g4 b4 13. Nd5 Nxd5 14. exd5 Na7
15. Nd2 Nb5 16. Kb1 Rb8 17. Nc4 a5 18. Qe1 Ba6 19. Bd2 e4 20. Qxe4 Re8 21. Re1
Nc3+ 22. Bxc3 bxc3 23. Bd3 g6 24. b3 Bxc4 25. Qxc4 Bf6 26. a3 Re7 27. Ka2 h6
28. Rxe7 Qxe7 29. Qe4 Qa7 30. Rf1 Kg7 31. f4 Rb7 32. g5 hxg5 33. fxg5 Be5 34.
h4 Qd4 35. Qxd4 Bxd4 36. h5 gxh5 37. Rh1 Rb8 38. Rxh5 Rh8 39. Rxh8 Kxh8 40. b4
axb4 41. axb4 Kg7 42. Kb3 Kf8 43. Kc4 Be3 44. Kb5 Ke7 45. Kc6 Kd8 46. Kxd6 Bxg5
47. Kc6 Bf4 48. d6 Be3 49. b5 Bd4 50. Bf5 Be3 51. b6 Bf2 52. Kb7 Bc5 53. Bh3 f6
54. Kc6 Bf2 55. Bf5 Be3 56. Kb7 Bc5 57. Bh3 Bd4 58. Ka6 Bc5 59. b7 Bxd6 60. Ka7
Ke7 61. b8=Q Bxb8+ 62. Kxb8 Kd6 63. Kb7 Kc5 64. Ka6 1-0

[Event "Monarch Assurance Isle of Man 14th"]
[Site "Port Erin IOM"]
[Date "2005.09.30"]
[Round "7.3"]
[White "Erenburg, Sergey"]
[Black "Galkin, Alexander"]
[Result "1/2-1/2"]
[WhiteElo "2595"]
[BlackElo "2598"]
[PlyCount "50"]
[EventDate "2005.09.24"]
[EventType "swiss"]
[EventRounds "9"]
[EventCountry "IOM"]

1. e4 c6 2. d4 d5 3. e5 Bf5 4. Nf3 e6 5. Be2 Bg6 6. O-O Nh6 7. Nbd2 Be7 8. Nb3
O-O 9. Bxh6 gxh6 10. Qd2 Kg7 11. Rae1 Nd7 12. c3 c5 13. dxc5 Nxc5 14. Nfd4 Qb6
15. Nxc5 Bxc5 16. b4 Bxd4 17. cxd4 Rfc8 18. Rc1 Qd8 19. Rc5 b6 20. Rcc1 Rxc1
21. Rxc1 Rc8 22. g3 Rxc1+ 23. Qxc1 Qg5 24. Qf4 Qxf4 25. gxf4 f5 1/2-1/2

[Event "Monarch Assurance Isle of Man 14th"]
[Site "Port Erin IOM"]
[Date "2005.09.30"]
[Round "7.4"]
[White "Kritz, Leonid"]
[Black "Ikonnikov, Vyacheslav"]
[Result "1-0"]
[WhiteElo "2544"]
[BlackElo "2560"]
[PlyCount "95"]
[EventDate "2005.09.24"]
[EventType "swiss"]
[EventRounds "9"]
[EventCountry "IOM"]

1. e4 c5 2. Nf3 Nc6 3. Bb5 g6 4. Bxc6 dxc6 5. d3 Bg7 6. Nc3 b6 7. Be3 Nh6 8. h3
f6 9. a3 e5 10. b4 cxb4 11. axb4 Nf7 12. O-O O-O 13. Ra3 f5 14. Qa1 f4 15. Bd2
a6 16. Na4 Ra7 17. c4 Ng5 18. Nxg5 Qxg5 19. Kh2 Qd8 20. f3 h5 21. c5 b5 22.
Qa2+ Raf7 23. Nb6 Bb7 24. Be1 g5 25. Qe2 Bf6 26. Bf2 Qe7 27. d4 exd4 28. Rd1
Rd8 29. Rad3 a5 30. Bxd4 Bxd4 31. Rxd4 Rxd4 32. Rxd4 axb4 33. e5 Qxc5 34. Qe4
Qxb6 35. Qg6+ Rg7 36. Qe8+ Kh7 37. Qxh5+ Kg8 38. Qe8+ Kh7 39. Rd8 c5 40. e6
Qxd8 41. Qxd8 Bc6 42. Qc8 Bd5 43. e7 Bf7 44. e8=Q Bxe8 45. Qxe8 c4 46. Qxb5 c3
47. Qxb4 Rc7 48. Qd6 1-0

[Event "Monarch Assurance Isle of Man 14th"]
[Site "Port Erin IOM"]
[Date "2005.09.30"]
[Round "7.5"]
[White "Gormally, Daniel"]
[Black "Kuzubov, Yuriy"]
[Result "1/2-1/2"]
[WhiteElo "2557"]
[BlackElo "2535"]
[PlyCount "30"]
[EventDate "2005.09.24"]
[EventType "swiss"]
[EventRounds "9"]
[EventCountry "IOM"]

1. e4 c5 2. Nf3 Nc6 3. c3 Nf6 4. e5 Nd5 5. d4 cxd4 6. Bc4 Nb6 7. Bb3 d5 8. exd6
Qxd6 9. O-O Be6 10. Bxe6 Qxe6 11. Nxd4 Nxd4 12. Qxd4 Rd8 13. Qf4 g6 14. Nd2 Bg7
15. Nf3 Qc4 1/2-1/2

[Event "Monarch Assurance Isle of Man 14th"]
[Site "Port Erin IOM"]
[Date "2005.09.30"]
[Round "7.6"]
[White "Tiviakov, Sergei"]
[Black "Lalic, Bogdan"]
[Result "1/2-1/2"]
[WhiteElo "2678"]
[BlackElo "2491"]
[PlyCount "60"]
[EventDate "2005.09.24"]
[EventType "swiss"]
[EventRounds "9"]
[EventCountry "IOM"]

1. e4 e6 2. d4 d5 3. Nd2 c5 4. exd5 Qxd5 5. Ngf3 cxd4 6. Bc4 Qd6 7. O-O Nf6 8.
Nb3 Nc6 9. Nbxd4 Nxd4 10. Nxd4 a6 11. Bb3 Qc7 12. Qf3 Bd6 13. h3 O-O 14. Bg5
Nd7 15. c3 b5 16. Bc2 Bb7 17. Qh5 g6 18. Qh4 Rfe8 19. Rfe1 Nb6 20. Re2 Be7 21.
Rae1 Bxg5 22. Qxg5 Nd5 23. Re4 f6 24. Qh4 e5 25. Bb3 Kg7 26. Bxd5 Bxd5 27. R4e2
Qf7 28. Nb3 Bxb3 29. axb3 Qxb3 30. f4 Qc4 1/2-1/2

[Event "Monarch Assurance Isle of Man 14th"]
[Site "Port Erin IOM"]
[Date "2005.09.30"]
[Round "7.8"]
[White "Epishin, Vladimir"]
[Black "Kolbus, Dietmar"]
[Result "1-0"]
[WhiteElo "2600"]
[BlackElo "2416"]
[PlyCount "103"]
[EventDate "2005.09.24"]
[EventType "swiss"]
[EventRounds "9"]
[EventCountry "IOM"]

1. d4 Nf6 2. c4 g6 3. Nc3 d5 4. Nf3 Bg7 5. Qb3 dxc4 6. Qxc4 O-O 7. e4 Na6 8.
Be2 c5 9. d5 e6 10. O-O exd5 11. exd5 Nb4 12. Bg5 Nbxd5 13. Rad1 Nxc3 14. Rxd8
Nxe2+ 15. Qxe2 Rxd8 16. Qe7 Re8 17. Qxc5 b6 18. Qa3 Bb7 19. h3 Ne4 20. Be3 Bf8
21. Qa4 Nc5 22. Qc2 Be4 23. Qc3 Na4 24. Qc4 Bxf3 25. Qxa4 Bb7 26. Rd1 Re4 27.
Rd4 Rxd4 28. Bxd4 Rd8 29. Qxa7 Rxd4 30. Qxb7 Rd1+ 31. Kh2 Bd6+ 32. g3 Bc5 33.
Qb8+ Kg7 34. Qe5+ Kg8 35. Qe2 Rd6 36. Kg2 h5 37. Qe8+ Kg7 38. Qe5+ Kg8 39. Qc3
Re6 40. b4 Bd6 41. a4 Be5 42. Qc4 Kg7 43. f4 Bf6 44. Kf3 Rd6 45. Qb5 Kf8 46.
Qa6 Ke7 47. Qb7+ Ke6 48. a5 bxa5 49. bxa5 Bd4 50. a6 Rd7 51. Qe4+ Kf6 52. a7
1-0

[Event "Monarch Assurance Isle of Man 14th"]
[Site "Port Erin IOM"]
[Date "2005.09.30"]
[Round "7.9"]
[White "Kononenko, Tatiana"]
[Black "David, Alberto"]
[Result "1/2-1/2"]
[WhiteElo "2442"]
[BlackElo "2579"]
[PlyCount "38"]
[EventDate "2005.09.24"]
[EventType "swiss"]
[EventRounds "9"]
[EventCountry "IOM"]

1. d4 Nf6 2. c4 g6 3. Nc3 Bg7 4. e4 d6 5. f3 O-O 6. Be3 c5 7. Nge2 Nc6 8. d5
Ne5 9. Ng3 e6 10. Be2 exd5 11. cxd5 h5 12. O-O a6 13. h3 h4 14. Nh1 Nh7 15. f4
Nd7 16. Bd3 f5 17. Nf2 b5 18. a3 Rb8 19. Qd2 Qf6 1/2-1/2

[Event "Monarch Assurance Isle of Man 14th"]
[Site "Port Erin IOM"]
[Date "2005.09.30"]
[Round "7.10"]
[White "Mikhalevski, Victor"]
[Black "Cox, John"]
[Result "1-0"]
[WhiteElo "2572"]
[BlackElo "2385"]
[PlyCount "129"]
[EventDate "2005.09.24"]
[EventType "swiss"]
[EventRounds "9"]
[EventCountry "IOM"]

1. d4 Nf6 2. c4 e6 3. g3 d5 4. Bg2 Nc6 5. Nf3 dxc4 6. Qa4 Bb4+ 7. Bd2 Nd5 8.
Bxb4 Ndxb4 9. O-O a6 10. Ne5 O-O 11. Nxc6 Nxc6 12. Bxc6 bxc6 13. Qxc4 Rb8 14.
Nc3 Qd6 15. e3 e5 16. dxe5 Qxe5 17. Qe2 Re8 18. Rac1 c5 19. Rfe1 Rb4 20. Rc2
Bb7 21. Rd2 Qe6 22. Qh5 Qc6 23. e4 Rd4 24. Rde2 g6 25. Qh6 Re5 26. f3 Qe6 27.
Re3 a5 28. g4 g5 29. Qxe6 Rxe6 30. R1e2 Ba6 31. Rc2 Bd3 32. Rg2 c4 33. Re1 Rd8
34. Rd1 Kg7 35. Kf2 Rb6 36. Kg3 Rdb8 37. Rdd2 c6 38. h4 h6 39. Rh2 Kg6 40. hxg5
hxg5 41. b3 Rb4 42. Rh1 Kg7 43. Rc1 Kf6 44. Kf2 Ke5 45. Ke3 f6 46. Rh1 R8b7 47.
Rh8 Rb8 48. Rh7 R8b7 49. Rxb7 Rxb7 50. Na4 cxb3 51. Nc5 Bb1 52. Nxb3 Rb4 53.
Nxa5 Ra4 54. Nxc6+ Ke6 55. Nd4+ Ke5 56. Nb3 Ra3 57. Kf2 Rxa2 58. Ke1 Ra3 59.
Rd5+ Kf4 60. Nd2 Bd3 61. Kf2 Bxe4 62. Rd4 f5 63. gxf5 Kxf5 64. Nxe4 Ke5 65. Rb4
1-0

[Event "Monarch Assurance Isle of Man 14th"]
[Site "Port Erin IOM"]
[Date "2005.09.30"]
[Round "7.11"]
[White "Postny, Evgeny"]
[Black "Howell, David W"]
[Result "1/2-1/2"]
[WhiteElo "2559"]
[BlackElo "2471"]
[PlyCount "116"]
[EventDate "2005.09.24"]
[EventType "swiss"]
[EventRounds "9"]
[EventCountry "IOM"]

1. Nf3 Nf6 2. c4 g6 3. Nc3 d5 4. d4 Bg7 5. e3 O-O 6. b4 b6 7. Ba3 c6 8. Rc1 Be6
9. cxd5 Nxd5 10. Ne4 a5 11. b5 cxb5 12. Bxb5 Nb4 13. Bxb4 axb4 14. Bc4 Bxc4 15.
Rxc4 Qd5 16. Ned2 Rxa2 17. Qb1 Qa5 18. O-O Na6 19. h3 Qa3 20. Rc6 b5 21. Qe4 b3
22. Rc3 Qa5 23. Rxb3 Rxd2 24. Nxd2 Qxd2 25. Rxb5 Bf6 26. Qb7 Nb8 27. Qc7 Na6
28. Qc6 Nb4 29. Qc4 Na2 30. Rb3 Ra8 31. Ra1 Ra5 32. Qf1 Kg7 33. Rd3 Qb2 34.
Rdd1 Rg5 35. Rdb1 Qd2 36. Rd1 Qc2 37. Qd3 Qc6 38. d5 Qa4 39. Qd2 Bxa1 40. Rxa1
Qe4 41. f3 {(=)} Qxf3 42. Rxa2 Qxh3 43. Qd4+ f6 44. Qa7 Qc8 45. Qxe7+ Kh6 46.
Qxf6 Qc1+ 47. Qf1 Qxe3+ 48. Qf2 Qc1+ 49. Qf1 Qc5+ 50. Qf2 Qc1+ 51. Qf1 Qxf1+
52. Kxf1 Rxd5 53. Kg1 Kg5 54. Kh2 Rd4 55. Ra5+ Kh4 56. Ra6 Rg4 57. Ra3 h5 58.
Ra6 Kg5 1/2-1/2

[Event "Monarch Assurance Isle of Man 14th"]
[Site "Port Erin IOM"]
[Date "2005.09.30"]
[Round "7.12"]
[White "Zatonskih, Anna"]
[Black "Brodsky, Michail"]
[Result "1/2-1/2"]
[WhiteElo "2435"]
[BlackElo "2554"]
[PlyCount "50"]
[EventDate "2005.09.24"]
[EventType "swiss"]
[EventRounds "9"]
[EventCountry "IOM"]

1. d4 d5 2. c4 e6 3. Nf3 c6 4. Nbd2 Nf6 5. g3 Nbd7 6. Bg2 b6 7. O-O Bb7 8. b3
Be7 9. Bb2 O-O 10. Qc2 c5 11. Rac1 Rc8 12. Qb1 dxc4 13. Nxc4 b5 14. Nce5 Be4
15. Qa1 Nxe5 16. Nxe5 Bxg2 17. Kxg2 Qd5+ 18. f3 Qb7 19. dxc5 Bxc5 20. Nd3 Be7
21. Rxc8 Rxc8 22. Rc1 h6 23. Bd4 a6 24. Qb2 Rxc1 25. Qxc1 Nd7 1/2-1/2

[Event "Monarch Assurance Isle of Man 14th"]
[Site "Port Erin IOM"]
[Date "2005.09.30"]
[Round "7.13"]
[White "Wells, Peter"]
[Black "Aagaard, Jacob"]
[Result "1/2-1/2"]
[WhiteElo "2529"]
[BlackElo "2442"]
[PlyCount "29"]
[EventDate "2005.09.24"]
[EventType "swiss"]
[EventRounds "9"]
[EventCountry "IOM"]

1. d4 d5 2. c4 e6 3. Nc3 Be7 4. cxd5 exd5 5. Bf4 c6 6. e3 Bf5 7. g4 Be6 8. h3
Nf6 9. Bd3 c5 10. Nf3 Nc6 11. dxc5 Bxc5 12. Rc1 O-O 13. Nb5 Bb6 14. a3 Ne4 15.
Bxe4 1/2-1/2

[Event "Monarch Assurance Isle of Man 14th"]
[Site "Port Erin IOM"]
[Date "2005.09.30"]
[Round "7.14"]
[White "Kogan, Artur"]
[Black "Gladyszev, Oleg"]
[Result "1-0"]
[WhiteElo "2580"]
[BlackElo "2436"]
[PlyCount "91"]
[EventDate "2005.09.24"]
[EventType "swiss"]
[EventRounds "9"]
[EventCountry "IOM"]

1. d4 Nf6 2. Nf3 g6 3. c4 Bg7 4. Nc3 O-O 5. e4 d6 6. Be2 e5 7. d5 a5 8. Bg5 h6
9. Bh4 Na6 10. Nd2 Qe8 11. O-O Nh7 12. a3 Bd7 13. Kh1 h5 14. f3 Bh6 15. Nb5 a4
16. Be1 Qe7 17. Qxa4 Be3 18. Qc2 Qg5 19. Nb3 h4 20. Bd2 Nf6 21. Bxe3 Qxe3 22.
Qc3 Qxe2 23. Rae1 Nxe4 24. fxe4 Qg4 25. h3 Qg5 26. Na5 Rab8 27. b4 f5 28. exf5
gxf5 29. a4 b6 30. Nc6 Rbe8 31. Qa3 Rf7 32. a5 Rg7 33. Rg1 bxa5 34. Qxa5 f4 35.
Qxa6 Kh8 36. Qa2 Reg8 37. Qf2 Qh5 38. Qf3 Qf5 39. Nbd4 exd4 40. Ne7 Qf7 41.
Nxg8 Rg3 42. Nh6 Qf6 43. Qh5 Kg7 44. Ng4 Bxg4 45. hxg4 f3 46. g5 1-0

[Event "Monarch Assurance Isle of Man 14th"]
[Site "Port Erin IOM"]
[Date "2005.09.30"]
[Round "7.15"]
[White "Malakhatko, Vadim"]
[Black "Zude, Erik"]
[Result "1/2-1/2"]
[WhiteElo "2556"]
[BlackElo "2424"]
[PlyCount "105"]
[EventDate "2005.09.24"]
[EventType "swiss"]
[EventRounds "9"]
[EventCountry "IOM"]

1. d4 Nf6 2. Bg5 g6 3. Bxf6 exf6 4. g3 d6 5. Bg2 h5 6. h4 Bh6 7. e3 O-O 8. Ne2
Nd7 9. Nd2 f5 10. c4 Nf6 11. O-O Re8 12. b4 Bd7 13. b5 c6 14. a4 Rc8 15. Rb1
Qa5 16. bxc6 Bxc6 17. Bxc6 bxc6 18. c5 d5 19. Nf3 Ne4 20. Qc2 Rb8 21. Kg2 Bg7
22. Rfc1 Nf6 23. Ne5 Qc7 24. Rxb8 Rxb8 25. Rb1 Rxb1 26. Qxb1 Ne8 27. Nd3 Kf8
28. Qb4 Qc8 29. Nec1 Bf6 30. Kf1 Qa6 31. Ke2 Bd8 32. f3 Bc7 33. Kf2 Ke7 34. Qb3
Kd7 35. Ne2 Kc8 36. Qc2 Ng7 37. Nec1 Ne6 38. Nb4 Qb7 39. Ncd3 a5 40. Na2 Qb8
41. f4 Qb7 42. Nac1 f6 43. Ne2 Nd8 44. Kg2 Nf7 45. Nf2 Nh6 46. Nc1 Kd7 47. Qb3
Qxb3 48. Nxb3 Ke6 49. Nh3 Ng8 50. Kf3 Ne7 51. Kg2 Kf7 52. Kf3 Ke6 53. Kg2
1/2-1/2